Bezpečně do budoucnosti
Vízia nakupovania budúcnosti pomocou inteligentných zákazníckych kariet. Elektronická ochrana tovaru. Prostriedky zabezpečenia predajne pred nočnou a dennou krádežou. Inovácie v elektronickom zaistení tovaru. Technické systémy ponúkané v tejto oblasti zabezpečenia. Umiestnenie ochranných etikiet na...
Uložené v:
| Médium: | Kapitola |
|---|---|
| Jazyk: | Czech |
| Predmet: | |
| Tagy: |
Žiadne tagy, Buďte prvý, kto otaguje tento záznam!
|
MARC
| LEADER | 00000naa a2200000 4500 | ||
|---|---|---|---|
| 001 | r035147 | ||
| 005 | 20230727094646.8 | ||
| 041 | 0 | |a cze | |
| 044 | |a CZ | ||
| 245 | 1 | 0 | |a Bezpečně do budoucnosti |
| 520 | |a Vízia nakupovania budúcnosti pomocou inteligentných zákazníckych kariet. Elektronická ochrana tovaru. Prostriedky zabezpečenia predajne pred nočnou a dennou krádežou. Inovácie v elektronickom zaistení tovaru. Technické systémy ponúkané v tejto oblasti zabezpečenia. Umiestnenie ochranných etikiet na výrobkoch. Nový typ inteligentnej ochrannej etikety - transponder. | ||
| 610 | 2 | 0 | |a ochrana tovaru elektronická |
| 610 | 2 | 0 | |a zabezpečenie technické |
| 610 | 2 | 0 | |a tovar |
| 610 | 2 | 0 | |a systémy interaktívne |
| 610 | 2 | 0 | |a krádeže |
| 610 | 2 | 0 | |a ochrana majetku |
| 610 | 2 | 0 | |a maloobchod |
| 610 | 2 | 0 | |a etikety |